| 000 | 00781nam a22002057a 4500 | ||
|---|---|---|---|
| 999 |
_c10502 _d10502 |
||
| 003 | AR-CdUCM | ||
| 008 | 190401b ||||| |||| 00| 0 spa d | ||
| 040 |
_aMUNICIPALIDAD PROVINCIAL DEL CUSCO _cBIBLIOTECA MUNICIPAL DEL CUSCO |
||
| 082 |
_a335.6 / _bD73 / 1933 |
||
| 100 |
_aDickmann, Adolfo _927399 |
||
| 245 |
_aNacionalismo y Socialismo : _blos Argentinos naturalizados en la política / |
||
| 260 |
_aBuenos Aires : _c1933. |
||
| 300 |
_a143 páginas ; _c18 cm. |
||
| 505 | _aContenido: Motivos de la publicación -- El socialismo y el principio de nacionalidad -- Carta del Dr. F. Barroetaveña -- Los argentinos naturalizados en la política. | ||
| 650 |
_aPolítica _9291 |
||
| 650 |
_aArgentina _9511 |
||
| 650 |
_aSiglo XX _98 |
||
| 942 |
_2ddc _cLIBROS |
||
| 945 | _aachl | ||